LEADER 02996nam a2200481 u 4500 001 000000011420 003 CaOOAMICUS 005 20101004142526.0 008 941124m19371938fr u000 u fre u 035 $a10280663 040 $aEFR$bita$dPUL 041 1 $afre$agrc 082 04$a880 100 0 $aHomerus,$dsec. VIII a.C.$0(OLS)http://pul/name/7026 240 10$aIlias$9(Homerus, sec. VIII a.C.).$lFrancese e greco.$0(OLS)http://pul/title/16556 245 10$aIliade /$cTexte établi et traduit par Paul Mazon, avec la collaboration de Pierre Chantraine, Paul Collart et René Langumier. 260 $aParis :$bSociété d'édition "Les belles lettres",$c1937-38. 300 $a4 v. ;$c20 cm 490 1 $aCollection des universités de France 500 $aTesto greco e trad. francese a fronte, con la stessa numerazione di pagina. 500 $aVarie ristampe: seleziona il n. dell'item per vedere la data di pubblicazione di ciascun volume. 505 0 $at. 1. Chants I-VI. -- t. 2. Chants VII-XII. -- t. 3. Chants XIII-XVIII. -- t. 4. Chants XIX-XXIV. 700 1 $aMazon, Paul,$d1874-1955.$0(OLS)http://pul/name/11005 700 1 $aChantraine, Pierre,$d1899-1974.$0(OLS)http://pul/name/11006 700 1 $aCollart, Paul,$d1878-1946.$0(OLS)http://pul/name/11007 700 1 $aLangumier, René.$0(OLS)http://pul/name/11008 830 0$aCollection des universités de France.$0(OLS)http://pul/title/1172 850 $aPUL 852 $aPUL$W1$xSL Cons. Gen., Altre Classi 3$y75$m880 COLL 3.HOM.2.4$j16170$nBK-PRI$av. 4$qDDC 21$B16173$CPULBib$Z2$F16173 $H80566 $82 852 $aPUL$W1$xSL Cons. Gen., Altre Classi 3$y75$m880 COLL 3.HOM.2.1$j141730$nBK-PRI$av. 1$qDDC 21$B16170$CPULBib$Z2$F16170 $H80563 $82 852 $aPUL$W1$xSL Cons. Gen., Altre Classi 3$y75$m880 COLL 3.HOM.2.2$j141731$nBK-PRI$av. 2$qDDC 21$B16171$CPULBib$Z2$F16171 $H80564 $82 852 $aPUL$W1$xSL Cons. Gen., Altre Classi 3$y75$m880 COLL 3.HOM.2.3$j141732$nBK-PRI$av. 3$qDDC 21$B16172$CPULBib$Z2$F16172 $H80565 $82 900 $aHomer$97026 900 $aOmero$dsec. VIII a.C.$97026 941 1 $a9 961 $aINV: v.1: huitieme tirage (1987), v.2: septième tirage, v.3: huitieme tirage (1992), v.4: neuvième tirage (1994). 961 $aINV: v.1: huitieme tirage (1987), v.2: septième tirage, v.3: huitieme tirage (1992), v.4: neuvième tirage (1994). 961 $aINV: v.1: huitieme tirage (1987), v.2: septième tirage, v.3: huitieme tirage (1992), v.4: neuvième tirage (1994). 961 $aINV: v.1: huitieme tirage (1987), v.2: septième tirage, v.3: huitieme tirage (1992), v.4: neuvième tirage (1994). 996 $6082$a880$9(OLS)http://pul/classification/674 996 $6245$aIliade$9(OLS)http://pul/title/16557 996 $6260$aParis :$bSociété d'édition "Les belles lettres"$9(OLS)http://pul/publisher/49466 LEADER 01684nam a2200349 a 4500 001 000000141544 003 CaOOAMICUS 005 20150202111101.0 008 150202s2014 it u000 u ita r 020 $a88-14-16574-2 040 $aPUL$bita 082 04$a344.45 100 1 $aFerrara, Rosario,$d1948-$0(OLS)http://pul/name/64337 245 13$aLe politiche ambientali, lo sviluppo sostenibile e il danno /$cRosario Ferrara, Maria Alessandra Sandulli ; a cura di Rosario Ferrara e Carlo Emanuele Gallo ; coordinamento di Cristina Videtta. 260 $aMilano :$bGiuffrè,$c2014. 300 $aXXVII, 637 p. ;$c25 cm 490 1 $aTrattato di diritto dell'ambiente ;$v01 504 $aBibliografia in nota. 650 4$aDiritto dell'ambiente.$0(OLS)http://pul/subject/35573 650 4$aDiritto naturale$xTutela e conservazione.$0(OLS)http://pul/subject/41194 700 1 $aSandulli, Maria Alessandra.$0(OLS)http://pul/name/39205 700 1 $aGallo, Carlo Emanuele.$0(OLS)http://pul/name/75061 700 1 $aVidetta, Cristina.$0(OLS)http://pul/name/91138 830 0$aTrattato di diritto dell'ambiente (Giuffrè) ;$v01.$0(OLS)http://pul/title/179133 850 $aPUL 852 $aPUL$W1$xSL Diritto e Scienze Sociali 3$y79$m344. 45 FERRO 1.1$j163370$qDDC 21$B163282$CPULBib$Z2$F163282 $H125333 $82 941 1 $a9 996 $6020$a88-14-16574-2$9(OLS)http://pul/number/156847 996 $6082$a344.45$9(OLS)http://pul/classification/416 996 $6245$aLe politiche ambientali, lo sviluppo sostenibile e il danno$9(OLS)http://pul/title/179132 996 $6260$aMilano :$bGiuffrè$9(OLS)http://pul/publisher/48401